书目信息 |
| 题名: |
基于认知无线电的频谱感知与检测技术研究
|
|
| 作者: | 初广前 , 曹燕 , 吴伟陵 著 | |
| 分册: | ||
| 出版信息: | 北京 中国水利水电出版社 2021.1 |
|
| 页数: | 144页 | |
| 开本: | 24cm | |
| 丛书名: | ||
| 单 册: | ||
| 中图分类: | TN014 | |
| 科图分类: | ||
| 主题词: | 无线电技术--频谱--研究 , 无线电技术--检测--研究 | |
| 电子资源: | ||
| ISBN: | 978-7-5170-9047-2 | |
| 000 | 01120nam0 2200265 45 | |
| 001 | 012001000477 | |
| 005 | 20140911145418.0 | |
| 010 | @a978-7-5170-9047-2@dCNY52.00 | |
| 100 | @a20210317d2021 em y0chiy50 ea | |
| 101 | 0 | @achi |
| 102 | @aCN@b110000 | |
| 105 | @aa z 000yy | |
| 106 | @ar | |
| 200 | 1 | @a基于认知无线电的频谱感知与检测技术研究@Aji yu ren zhi wu xian dian de pin pu gan zhi yu jian ce ji shu yan jiu@b专著@f初广前,曹燕,吴伟陵著 |
| 210 | @a北京@c中国水利水电出版社@d2021.1 | |
| 215 | @a144页@c图@d24cm | |
| 330 | @a本书阐述了频谱感知与检测技术,全书共分6章,第1章介绍研究背景、认知无线电技术和认知无线电网络,第2章介绍频谱感知技术和相关理论基础,第3章介绍多天线场景下的协作频谱感知技术,第4章介绍多用户、多天线场景下的协作频谱感知技术,第5章介绍单天线场景下的非协作频谱感知技术,第6章介绍研究工作的总结和展望。 | |
| 606 | 0 | @a无线电技术@x频谱@x研究 |
| 606 | 0 | @a无线电技术@x检测@x研究 |
| 690 | @aTN014@v5 | |
| 701 | 0 | @a初广前@Achu guang qian@4著 |
| 701 | 0 | @a曹燕@Acao yan@4著 |
| 701 | 0 | @a吴伟陵@Awu wei ling@4著 |
| 801 | 0 | @aCN@bBJSDL@c20211011 |
| 905 | @b1331537-40@dTN014@e175@f4 | |
| 基于认知无线电的频谱感知与检测技术研究/初广前,曹燕,吴伟陵著.-北京:中国水利水电出版社,2021.1 |
| 144页:图;24cm |
| ISBN 978-7-5170-9047-2:CNY52.00 |
| 本书阐述了频谱感知与检测技术,全书共分6章,第1章介绍研究背景、认知无线电技术和认知无线电网络,第2章介绍频谱感知技术和相关理论基础,第3章介绍多天线场景下的协作频谱感知技术,第4章介绍多用户、多天线场景下的协作频谱感知技术,第5章介绍单天线场景下的非协作频谱感知技术,第6章介绍研究工作的总结和展望。 |
| ● |
| 相关链接 |
|
|
|
|
正题名:基于认知无线电的频谱感知与检测技术研究
索取号:TN014/175
 
预约/预借
| 序号 | 登录号 | 条形码 | 馆藏地/架位号 | 状态 | 备注 |
| 1 | 1331537 | 213315376 | 第二样本阅览室/ [索取号:TN014/175] | 在馆 | |
| 2 | 1331538 | 213315385 | 第三借阅区/ [索取号:TN014/175] | 在馆 | |
| 3 | 1331539 | 213315394 | 第三借阅区/ [索取号:TN014/175] | 在馆 | |
| 4 | 1331540 | 213315401 | 第三借阅区/ [索取号:TN014/175] | 在馆 |